| 000 | 01360cam a22003734i 4500 | ||
|---|---|---|---|
| 003 | PE-LiUPU | ||
| 005 | 20250731184102.0 | ||
| 008 | 150623s1991 nyua r 000 0 eng d | ||
| 020 | _a080071637X | ||
| 035 | _a(Sirsi) i9780800716370 | ||
| 040 |
_aPE-LiUPU _bspa _cPE-LiUPU _erda |
||
| 049 | _aPRUA | ||
| 082 | 0 | 4 |
_a808.815 _bR53B _221 |
| 100 | 1 |
_aRice, Helen Steiner, _eautor. |
|
| 245 | 1 | 0 |
_aBouquets / _cHelen Steiner Rice. |
| 264 | 1 |
_aCarmel, New York : _bGuideposts Edition, _c1991. |
|
| 300 |
_a96 páginas : _bilustraciones, gráficos ; _c20 centímetros |
||
| 336 |
_atext _2rdacontent |
||
| 337 |
_aunmediated _2rdamedia |
||
| 338 |
_avolume _2rdacarrier |
||
| 505 | 0 | _aFaith -- Prayer -- Comfort -- Love -- Hope -- Blessings -- God's care. | |
| 526 | _aP145 | ||
| 526 | _aP127 | ||
| 526 | _aP97 | ||
| 526 | _aP14 | ||
| 526 | _aP07 | ||
| 650 | 0 | 4 |
_aPoesía religiosa _zEstados Unidos. |
| 942 |
_2ddc _cBOOK |
||
| 949 |
_a808.815 R53B _wDEWEY _c1 _i51035 _lCCODEBUL1 _mBUL _p7.00 _r0 _sY _tBOOK _u2015-6-24 _xTEOLOGIA _PP35 _0COMPRA _o.STAFF. Colección Teología |
||
| 994 |
_aC0 _bPEPRU |
||
| 596 | _a1 | ||
| 999 |
_a808.815 R53B _wDEWEY _c32723 _i51035 _f2021-11-5 _g5 _lCCODEBUL1 _mBUL _p7.00 _r0 _sY _tBOOK _u2015-6-24 _xBIBLIOTECA _PP35 _0COMPRA _o.STAFF. Colección Teología _d32723 |
||
| 980 |
_81 _gALBERTO SANCHEZ Responsable de Automatización |
||